Statistics for 日本の一級河川

Click here to take the quiz!

General Stats

  • This quiz has been taken 748 times
  • The average score is 31 of 109

Answer Stats

河川数(本)幹川流路延長(km)流域面積(km^2)水系名% Correct
88036711,900信濃川
93%
81032216,840利根川
93%
45726814,330石狩川
88%
962758,240淀川
83%
3912279,100木曽川
80%
61731,150荒川
78%
1281732,940荒川
78%
3322135,090天竜川
72%
30224910,150北上川
72%
4292297,040最上川
70%
521381,240多摩川
70%
3561943,750吉野川
69%
5551283,990富士川
66%
2331432,863筑後川
61%
391681,280大井川
59%
1962395,400阿武隈川
58%
821151,880球磨川
56%
1602565,590天塩川
55%
2081569,010十勝川
54%
2422107,710阿賀野川
53%
1041091,680相模川
53%
1051202,720神通川
52%
1811361,660紀の川
50%
1971503,270那珂川
45%
381542,510釧路川
42%
4956368常願寺川
41%
2931943,870江の川
41%
731031,700太田川
41%
1681334,710雄物川
40%
3651567安倍川
39%
1661241,560仁淀川
38%
1471162,930九頭竜川
37%
2585682黒部川
37%
1341072,230大淀川
36%
130961,730加古川
35%
178681,070大和川
32%
941171,830矢作川
32%
1143235鶴見川
31%
2777724豊川
30%
76961,010庄内川
29%
1471421,800旭川
29%
1211112,670高梁川
29%
971022,540岩木川
26%
4760722姫川
25%
3572809手取川
24%
1674480白川
24%
531241,490久慈川
22%
481151,180庄川
21%
1291371,600川内川
21%
251151,380網走川
21%
891364,100米代川
20%
74611,026遠賀川
19%
7646852狩野川
19%
3055939名取川
19%
1031832,360新宮川
19%
2271532,070斐伊川
18%
1381461,880由良川
18%
5591920宮川
17%
2151332,060吉井川
17%
4751031,210肱川
16%
4855650大分川
15%
1381071,465大野川
15%
75125874那賀川
15%
59761,100緑川
15%
2528158菊川
13%
78641,140関川
13%
4770810揖保川
13%
6468667小矢部川
13%
87521,190千代川
13%
5677860日野川
13%
301422,050馬淵川
12%
1344270留萌川
12%
4470857赤川
12%
97681,300円山川
12%
201351,270鵡川
12%
1133140土器川
11%
4638323鈴鹿川
11%
4055550雲出川
11%
571201,930常呂川
11%
17871,480湧別川
10%
3232500天神川
10%
7536445重信川
10%
281041,350沙流川
10%
8186870芦田川
9%
3956540山国川
9%
1230211北川
9%
2364867高瀬川
8%
2980720後志利別川
8%
371261,640尻別川
8%
44611,190子吉川
8%
25841,240渚滑川
8%
3191962,270渡川
8%
61891,130鳴瀬川
8%
1021061,820五ケ瀬川
8%
1342271梯川
7%
7947341六角川
7%
6771996菊池川
7%
5238464番匠川
6%
3534485肝属川
6%
182187本明川
6%
5157368嘉瀬川
6%
3571508物部川
6%
6885461櫛田川
6%
3256446佐波川
6%
92811,080高津川
5%
1675474小丸川
5%
8047446松浦川
5%
2361647矢部川
4%
2359342小瀬川
3%

Score Distribution

Percentile by Number Answered

Percent of People with Each Score

Your Score History

You have not taken this quiz